| 000 | 01596nam a2200229Ia 4500 | ||
|---|---|---|---|
| 001 | 21702 | ||
| 005 | 20260420112016.0 | ||
| 008 | 260320s9999||||xx |||||||||||||| ||und|| | ||
| 022 | _a2414195X | ||
| 041 | _aESP | ||
| 082 |
_aHR 150 ENE-DIC 2024 _bRPHP |
||
| 110 | _aSociedad Peruana de Historia de la Psicología | ||
| 245 | 0 | _aRevista peruana de historia de la psicología | |
| 260 | _bSociedad Peruana de Historia de la Psicología | ||
| 300 |
_a130 páginas : _c24 cm. |
||
| 505 | _aVol. 10 (Enero-Diciembre, 2024) - Presentación Artículos - Descifrando el garabato: tres actividades para aprender la psicología guardada en el dato histórico para la evaluación de la asignatura historia de la psicología en México Salvador Iván Rodríguez Preciado - Dicotomías que afectan a la psicología José E. García - La psicología animal en la obra de Ramón y Cajal Virgili Ibanz Serrat - Las pioneras de la psicología experimental: comparación de las trayectorias de Mary Whiton Calkins, Margaret Floy Washburn y Christine Ladd-Franklin Laura Bayona-Pérez, Andrés Libardo Cortés-Valencia, Jairo A. Rozo y Andrés M. Pérez-Acosta - Psicohistoria, mestizaje y mitos andinos. Breve revisión Arturo Orbegoso Galarza Reseña La investigación psicológica en América Latina: Historia, ciencia y formación Daniel Vivanco y Alejandro Castro | ||
| 650 | _aPSI | ||
| 653 | _aPsicología - Revista | ||
| 654 | _aCPS | ||
| 856 |
_uhttps://revistas.ucsp.edu.pe/ _zVéase además: Revistas académicas UCSP |
||
| 942 |
_cREV _dJUS _fMAT _2ddc |
||
| 999 |
_c21702 _d21702 |
||